Normal view
MARC view
- Performance standards
Entry Topical Term
001 - CONTROL NUMBER
- control field: 6426
003 - CONTROL NUMBER IDENTIFIER
- control field: OSt
005 - DATE AND TIME OF LATEST TRANSACTION
- control field: 20170519112342.0
008 - FIXED-LENGTH DATA ELEMENTS
- fixed length control field: 170519|| aca||aabn | a|a d
040 ## - CATALOGING SOURCE
- Original cataloging agency: OSt
- Transcribing agency: OSt
150 ## - HEADING--TOPICAL TERM
- Topical term or geographic name entry element: Performance standards
670 ## - SOURCE DATA FOUND
- Source citation: Work cat.: (OSt)0: Ab. Aziz Yusof 600, Performance appraisal :, 2003

PORTAL AKMAL
E-MEL JKDM
AKMAL2U
G-BAM
u-PUSTAKA